[Event "Munich SKA"]
[Site "Munich"]
[Date "1993.??.??"]
[Round "1"]
[White "Gelfand, Boris"]
[Black "Hertneck, Gerald"]
[Result "1-0"]
[WhiteElo "2690"]
[BlackElo "2575"]
[Annotator "Gelfand,B"]
[PlyCount "103"]
[EventDate "1993.05.??"]
[EventType "tourn"]
[EventRounds "11"]
[EventCountry "GER"]
[EventCategory "16"]
[SourceTitle "CBM 036"]
[Source "ChessBase"]
[SourceDate "1993.10.01"]
[SourceVersion "1"]
[SourceVersionDate "1993.10.01"]
[SourceQuality "1"]

1. d4 d5 2. c4 c6 3. Nc3 Nf6 4. e3 g6 5. Nf3 Bg7 6. Bd3 O-O 7. h3 Na6 $146 (
7... Nbd7) 8. O-O Bf5 (8... Nb4 9. Be2 $14) 9. Bxf5 gxf5 10. b3 Ne4 11. Bb2 $14
e6 12. Ne2 Kh8 13. Nf4 Nc7 14. Qe2 (14. Ne5 $6 Bxe5 15. dxe5 dxc4 16. bxc4 Nd2
$1) 14... Rg8 15. Nh5 f6 (15... Ne8 $5) 16. Nd2 Qe7 (16... Qe8 17. Rad1 $14)
17. f4 {/\ 18.Ne4 fe4 19.f5} (17. Nxe4 fxe4 18. f4 exf3 $5 19. Qxf3 f5) 17...
Nxd2 18. Qxd2 Bh6 19. Kh2 Rg6 20. a4 (20. Rf3 $5 Rag8 21. Rg1 {/\ 22.Ng3})
20... Rag8 21. Rf2 Bf8 22. c5 Qe8 23. Qe2 Be7 24. Rg1 Qb8 (24... Rg4 25. hxg4
Rxg4 26. Rf3 Qxh5+ 27. Rh3 $18 {Hertneck}) 25. Qc2 Na6 26. Bc3 b6 27. b4 Nc7
28. Qd3 b5 29. Ra2 $16 bxa4 (29... a6 30. Be1 $16) 30. Rxa4 a6 31. Be1 Qf8 32.
Ra2 Bd8 33. Qf1 {/\ Nh5-g3-e2} (33. Ng3 Qg7 34. Nf1 $16) 33... Qf7 34. Ng3 Qg7
35. Ne2 {/\ Nc1-b3-a5; /\ Nc1-d3;} Rf8 36. Qf3 Kg8 37. Nc1 e5 $2 38. Qh5 $6 (
38. Ne2 $18) 38... exf4 39. exf4 Qd7 40. Ne2 Re8 41. Ng3 Ne6 42. Qxf5 Bc7 43.
Rf1 Qc8 44. Nh5 Kf7 $2 (44... Rg5 $1 45. Nxf6+ Kf7 46. Qxh7+ Kxf6 47. Bh4 Rh8
48. Bxg5+ Nxg5 49. Qd3 Qf5 50. Qxf5+ Kxf5 51. Rxa6 (51. g3 Ne6 (51... Nxh3 52.
Kg2 Kg4 53. Rh1 $18) 52. Rxa6 Nxd4 $13) 51... Bxf4+ 52. Kg1 Ke4 (52... Ne4 53.
Rxc6 $18) 53. Rxc6 Be3+ 54. Kh2 Kxd4 $14) (44... Nxd4 45. Nxf6+ Kf7 46. Qxc8
Rxc8 47. Ng4 $18) 45. Bc3 $18 Qb7 46. Re2 Qc8 47. Rfe1 Rh6 48. Kh1 Bd8 49. Bd2
Re7 50. g4 Qd7 51. Rxe6 Rxe6 52. Rxe6 (52. Rxe6 Qxe6 53. Qxe6+ Kxe6 54. f5+ Kf7
55. Bxh6 $18) 1-0

[Event "ISR-chT"]
[Site "Israel"]
[Date "2002.03.02"]
[Round "5"]
[White "Golod, Vitali"]
[Black "Zoler, Dan"]
[Result "1-0"]
[WhiteElo "2516"]
[BlackElo "2497"]
[Annotator "Golod,V"]
[PlyCount "58"]
[EventDate "2002.01.10"]
[EventType "team"]
[EventRounds "11"]
[EventCountry "ISR"]
[SourceTitle "CBM 088"]
[Source "ChessBase"]
[SourceDate "2002.03.21"]
[SourceVersion "1"]
[SourceVersionDate "2002.03.21"]
[SourceQuality "1"]

1. d4 d5 2. c4 c6 3. Nc3 Nf6 4. e3 g6 {I expected this move from the contender
and studied his games in this variant.} 5. Nf3 Bg7 6. Be2 $5 {Before, I played
in this position: 6.h3 and 6.Bd3.} O-O 7. O-O Ne4 $6 ({Also dubiously:} 7...
Bf5 {in view of:} 8. cxd5 Nxd5 9. Qb3 Nb6 10. h3 Be6 11. Qc2 a5 12. e4 Na6 13.
Bg5 h6 14. Bf4 $14 {Avrukh,B-Zoler,D/Tel Aviv,2001(0-1)(48)}) ({Can be
recommended:} 7... a6 $5) 8. a4 $1 $14 {[%cal Ga4a5]} Bg4 $6 $146 ({Were
checked in the preceding game of Dan Zoler:} 8... Nxc3 9. bxc3 c5 10. Ba3 cxd4
11. cxd4 Nc6 12. cxd5 Qxd5 13. Nd2 $14 {Huzman,A-Zoler,D/Tel Aviv,2001(1-0)(72)
}) ({Was checked in the primary source:} 8... f5 $5 9. a5 e6 10. Qc2 (10. Ne5
$143 Nd7 11. Nd3 Qf6 12. a6 bxa6 13. Qc2 Bb7 14. Na4 $44 {Volzhin,A-Belitzkij,
A/Samara,2000(1/2-1/2)(64)}) 10... Nd7 11. b4 g5 12. b5 $36 {See comments to
Dreev,A-Galkin,A/Azov,1996/Inf 69/437(1-0)(42)}) 9. h3 $1 {[%mdl 32] The most
simple and duly reaction to the previous move of black.} ({A little bit worse
is:} 9. cxd5 cxd5 (9... Nxc3 $144 10. bxc3 cxd5 11. Qb3 $14) 10. Qb3 Nxc3 (
10... Qd7 $2 11. Bb5 $1 {[%csl Rd5]} (11. Nxd5 $2 Be6 12. Bc4 Rc8 $17 {[%csl
Yc4,Rd5][%cal Gc8c4,Yc4d5]})) 11. bxc3 $14) ({or} 9. Qb3 Qb6 (9... Qd7 $143 10.
cxd5 (10. h3 $6 dxc4 11. Qxc4 Bf5) 10... Nxc3 (10... cxd5 $2 11. Bb5 $1 {
[%csl Rd5]}) 11. bxc3 cxd5 12. h3 $14) 10. Qxb6 axb6 11. cxd5 Nxc3 12. bxc3
cxd5 13. Ba3 Nc6 $14) 9... Bxf3 10. Bxf3 Nxc3 11. bxc3 dxc4 12. a5 $1 $14 {
[%mdl 32] It is important to not give for back's pieces to locate on a point
"a5".} Qc7 ({All the same it is impossible to save a pawn "c4":} 12... Qd6 13.
Qa4 Qe6 14. Be2 {[%csl Rc4]}) 13. Qa4 Nd7 14. Qxc4 Rac8 {[%csl Rc6,Yc7,Yc8]
Now black are protected from progress "a6".} 15. Bd2 {[%csl Yd2]} Rfd8 {
[%csl Rd2][%cal Gd7e5]} 16. Qb3 ({Is a possible continuation of the play:} 16.
Ra2 $5 {[%csl Ya2][%cal Gf1b1,Ya2d2]}) 16... Nf6 {[%cal Ge7e5]} ({Senselessly:
} 16... Nc5 {because of:} 17. Qc2 Na6 18. Rfb1 {<->b;קb7}) 17. Rfb1 {[%csl
Rb7]} Rd7 18. Ra4 {[%cal Ga4b4]} e5 {[%cal Ge5e4]} 19. Qc2 {[%csl Yc2][%cal
Yc2e4,Yf3e4] It is necessary to prevent progress "e4".} (19. Rb4 $143 Rb8 {
[%csl Ra5][%cal Ge5e4]}) 19... Re8 20. e4 $1 $14 {[%csl Ra7][%cal Gd2e3][%mdl
32] I rather consistently spend my plan.} (20. Rab4 $143 e4 $140 21. Rxb7 $6 (
21. Be2 $142 $14) 21... Qxb7 22. Rxb7 Rxb7 23. a6 $1 Rb6 24. Be2 Reb8 25. Bc1
Rb1 26. Kh2 Bf8 $132 {[%csl Gf8,Rh2][%cal Gf8d6]}) 20... Rde7 {[%csl Re4]} (
20... Qd8 $5 21. Be3 $36 {[%csl Ra7]}) 21. Rab4 Qxa5 $6 {Not the best decision.
} ({It was much better:} 21... Qc8 $5 22. dxe5 (22. Bg5 $143 h6 23. dxe5 hxg5
24. exf6 Bxf6 25. Qb3 $14 {[%csl Rb7]}) 22... Rxe5 23. Rxb7 Rxa5 $14) ({or} 
21... exd4 $5 22. Rxb7 (22. cxd4 $2 Nxe4 23. Rxb7 $140 Nxd2 $1 {[]} (23... Qd6
$4 24. Rxe7 Qxe7 25. Qxe4 Qxe4 26. Bxe4 Rxe4 27. Rb8+ Bf8 28. Bh6 $18 {[%csl
Rf8]}) 24. Rxc7 Re1+ 25. Kh2 (25. Rxe1 $4 Rxe1+ 26. Kh2 Nf1+ 27. Kg1 Ne3+ $19 {
[%csl Rc2]}) 25... Nf1+ 26. Kg1 Ng3+ 27. Kh2 $8 Nf1+ $11) 22... d3 $1 (22...
Qxa5 $2 23. cxd4) (22... Qd8 $143 23. cxd4 Rxb7 24. Rxb7 Qxd4 25. Bc3 $36 {
/^a1-h8;קf7}) 23. Qxd3 Qxa5 (23... Qxb7 $143 24. Rxb7 Rxb7 25. Qa6 {[%csl Ra7,
Rc6] +/=/+/-}) 24. Bf4 $36 {[%csl Gf3,Gf4]}) 22. Rxb7 ({Very weakly:} 22. Ra4 {
in view of:} Qc7 23. Rxa7 $140 Qb8 $1 $132 {[%csl Ra7,Re4,Ge7,Ge8][%cal Ge5d4,
Gb8a7]}) 22... Rxb7 23. Rxb7 exd4 24. cxd4 Qa1+ {Beforehand I did not see this
resource.} {[%tqu "En","?Please enter the best move for white.","It is
necessary to coordinate action of white pieces.","It is necessary to use a
weakness of the black king!","d2c1","",10,"b7b1","",0,"c2b1","",0]} 25. Bc1 $3
$16 {[%csl Rc6][%cal Ge4e5][%mdl 2048]} ({Leads to equality:} 25. Rb1 $2 Qxd4 {
[%csl Rd2]} 26. Be3 $11) (25. Qb1 $6 Qxd4 (25... Qxb1+ $143 26. Rxb1 {+/=/+/-}
Nxe4 $140 $4 27. Bxe4 Rxe4 28. Rb8+ Bf8 29. Bh6 $18 {[%csl Rf8]}) 26. Be3 $14 (
26. Qb3 $6 Re6 $13)) 25... Qxd4 $140 (25... Bh6 $4 {[%csl Rc1]} 26. Rb1 {
[%csl Ra1,Rh6]}) 26. Bb2 {/^a1-h8.Now bishop occupies a very strong position.}
Qd8 $2 ({My contender could render more stubborn resistance:} 26... Qd6 27. e5
Rxe5 28. Bxe5 Qxe5 29. Rxa7 $16) 27. Qb3 {[%csl Rf7]} Nd7 (27... Re7 $4 28. Rb8
) (27... Rf8 $143 28. Ba3 {[%csl Ga3,Gb3,Gb7,Rf8][%cal Yf8f7]}) 28. Bg4 $1 {
[%csl Rd7,Rf7][%mdl 2048]} Bxb2 $8 ({Loses right away:} 28... Re7 $2 29. Bxd7 {
[%csl Rd8,Rg8][%cal Gb7b8]}) ({and} 28... Ne5 $2 29. Bxe5 {[%csl Gb3,Gb7,Rf7]})
29. Bxd7 $18 {[%csl Rb2,Re8]} (29. Rxd7 $4 Qf6 {[%csl Yf6][%cal Yf6b2,Yf6f7]})
29... Bd4 $4 $138 (29... Bd4 $4 30. Bxe8 Qxe8 31. Rb8 {[%csl Re8,Rg8]}) (29...
Rxe4 $2 30. Qxb2 {[%csl Rd8,Rg8][%cal Gb7b8]} (30. Rb8 $4 Re1+ 31. Kh2 Be5+ {
[%csl Rb8,Rh2]}) 30... Re7 31. Rb8 (31. Bxc6 $4 Re1+ 32. Kh2 Qd6+ 33. f4 (33.
g3 $2 Qxc6 {[%csl Rh2][%cal Ge1h1]} 34. Rb8+ Re8 35. Qe5 Rc8 $17) 33... Qxc6
34. Rxa7 $11) (31. Bg4 $5 Rxb7 32. Qxb7 $18) 31... Rxd7 32. Rxd8+ Rxd8 33. Qb7
$18 {[%csl Ra7,Rc6]}) ({It was necessary:} 29... Be5 30. Bxe8 Qxe8 31. Rxa7 $18
) 1-0

[Event "ISR-chT"]
[Site "Israel"]
[Date "1999.03.05"]
[Round "6"]
[White "Zilberman, Yaacov"]
[Black "Golod, Vitali"]
[Result "0-1"]
[WhiteElo "2513"]
[BlackElo "2554"]
[Annotator "Golod,V"]
[PlyCount "76"]
[EventDate "1999.01.??"]
[EventType "team"]
[EventRounds "11"]
[EventCountry "ISR"]
[SourceTitle "CBM 070"]
[Source "ChessBase"]
[SourceDate "1999.06.08"]
[SourceVersion "1"]
[SourceVersionDate "1999.06.08"]
[SourceQuality "1"]

{[%mdl 1]} 1. d4 Nf6 2. c4 g6 3. Nc3 d5 4. Nf3 Bg7 5. e3 $6 O-O 6. Be2 c5 $5 {
Is the main line,other lines are:} (6... dxc4 $5) (6... c6 $6) (6... e6) ({and
} 6... b6) 7. O-O {Is the main move,other alternatives are:} (7. cxd5) ({and} 
7. dxc5) 7... cxd4 {Is the better than:} (7... Nc6 $6) (7... dxc4) 8. exd4 Nc6
9. Bg5 $5 {Other options are:} (9. Be3 $5) (9. Bf4) (9. h3 $5) (9. Re1 $5) (9.
Ne5 $6) 9... Be6 $5 ({Dubious:} 9... Ne4 {in view of:} 10. Be3 {+/=/=}) ({and} 
9... dxc4) 10. Rc1 {Besides,white has two options:} (10. c5) ({and} 10. cxd5
Bxd5 $5 (10... Nxd5 $5) 11. Nxd5 Qxd5 12. Qa4 Ne4 13. Be3 Nd6 14. Rac1 Nf5 15.
Bc4 Qd6 16. Rfd1 a6 $15 {Xu Jun - Ljubojevic, Dubai (ol) 1986.}) 10... Rc8 $5 (
{Good enough:} 10... dxc4 $1 11. Bxf6 Bxf6 12. d5 Bxc3 $8 13. dxe6 (13. dxc6 $2
Bxb2 {[%cal Gc4c3]}) 13... Qxd1 (13... Bxb2 $6 14. exf7+ Kh8 (14... Rxf7 15.
Bxc4 Bxc1 16. Qxc1 $36) 15. Rxc4 Rxf7 $13) 14. exf7+ Kxf7 15. Rfxd1 Bxb2 16.
Bxc4+ Kf6 17. Rb1 Ba3 $1 18. Rxb7 $140 $4 (18. Bd3 $5 $15 {[%csl Rb7][%cal
Gd3e4]}) 18... Na5 19. Rc7 Bd6 {[%csl Rc4]} 20. Rxd6+ exd6 $19) (10... Ne4 $5 {
Ernst} 11. Bh4 Nxc3 12. bxc3 Na5 13. cxd5 Bxd5 $10) ({Also possibly:} 10... h6
$5 11. Bxf6 Bxf6 12. Qd2 Bg7 13. Rfd1 Bg4 $5 {Anand} (13... Qd6 $2 {-see
comments to Azmaiparashvili,Z-Bischoff,K/Dortmund,1992/CBM 29/(1-0)(Anand)(54)}
) (13... b6 $5 {/\ Na5}) 14. cxd5 (14. Nxd5 Bxf3 15. Bxf3 Nxd4 $11) 14... Bxf3
15. Bxf3 (15. dxc6 Bxc6 16. d5 Bd7 $11) 15... Nxd4 $10) 11. b3 ({Worse is:} 11.
c5 {in view of:} Ne4 12. Be3 (12. Bf4 $143 Bg4 $36) 12... Nxc5 $5 13. dxc5 d4
$15 {[%csl Rc3,Gd4,Re3]}) 11... Qa5 $1 $146 (11... Ne4 $6 12. Nxe4 (12. Nxd5 $2
Nxg5 13. Nxg5 Bxd5 14. cxd5 Qxd5 $17 {[%csl Rd4]} 15. Nxf7 $2 Qxf7 16. Bc4 e6
17. d5 Ne5 18. dxe6 Qe7 $19 {0-1 Wittwer,M-Dubeck,M/SWZ 1997/EXT 99 (38)})
12... dxe4 13. d5 exf3 14. Bxf3 Qa5 {[%csl Rg5]} 15. Bd2 Qxa2 16. dxe6 fxe6 17.
Bg4 $36) ({and:} 11... h6 $5 {-was checked in the previous games:} 12. Bxf6 $5
(12. Be3 $5 Qa5 13. Qd2 Rfd8 $1 14. Rfd1 (14. Bxh6 $2 Bxh6 15. Qxh6 dxc4 $17 {
><d4}) 14... Kh7 {/\ Ng4} 15. h3 Qb4 (15... Rd7 $5 {/\ Qd8}) 16. Ne1 (16. Bd3
$5) 16... dxc4 17. bxc4 Ne5 $1 18. Ne4 Qa4 19. Nc3 Qa5 20. Ne4 Qa4 (20... Qxd2
$2 21. Bxd2 $16) 21. Nc3 Qa5 {1/2-1/2 Blanco Fernandez,A-Borges Mateos,J/Pinar
del Rio,1995/Inf 66/(408)[Blanco Fernandez,A] (21)}) 12... Bxf6 13. Qd2 Kg7 (
13... Bg7 $142 14. Rfd1 b6 {/\ Na5<=>}) 14. Rfd1 Qd7 15. Qe3 Rfd8 16. Na4 Qc7
17. h3 b6 18. a3 Qb8 19. Nc3 {+/=/=;1-0 Eilers,S-Oswald,H/Niedersachsen 1994/
GER (30)}) 12. Qd2 $6 ({In my opinion better is:} 12. Bd2 $5 Qd8 {[%csl Rd4]}
13. Bg5 (13. Be3 Ng4 $11) 13... Qa5 $11) 12... Rfd8 {[%csl Rd2,Gd8]} 13. Rfd1 (
{Badly:} 13. c5 $2 {because of:} Ne4 14. Nxe4 dxe4 15. Qxa5 Nxa5 16. Nd2 Nc6 $1
{=/+/-/+}) 13... dxc4 14. bxc4 Bg4 {[%csl Rd4][%cal Gg4f3]} 15. Be3 ({Dubious:
} 15. Bxf6 Bxf6 16. Nd5 $2 {in view of:} (16. d5 Bxf3 17. Bxf3 Ne5 $15) 16...
Qxd2 17. Nxf6+ (17. Rxd2 $144 Bxf3 18. Nxf6+ exf6) 17... exf6 18. Rxd2 Bxf3 19.
Bxf3 Nxd4 $17 20. Bxb7 $140 $2 Rc7 {[%csl Rb7,Rd2][%cal Gd4f3]} 21. Rxd4 (21.
Bd5 $4 Rxd5 $19) (21. Rcd1 $4 Rxb7 22. Rxd4 Rxd4 23. Rxd4 Rb1+ 24. Rd1 Rxd1#)
21... Rxd4 22. Ba6 {-/+/-+_|_}) 15... Bxf3 16. Bxf3 Ne5 $1 $15 {Is the better
than:} (16... Nxd4 17. Bxd4 e5 18. Nd5 $1 (18. Qg5 $143 {[%csl Ra5,Rg5]} Rxd4
$1 19. Rxd4 $140 h6 20. Qh4 exd4 21. Qxd4 $15) 18... Qxd2 19. Ne7+ $1 (19. Rxd2
$2 Nxd5 {[%cal Gg7h6]} 20. Bxd5 Rxd5 $1 {-/+/-+} (20... exd4 $5 21. Bxb7 $140
Bh6 22. Bxc8 Bxd2 23. Rd1 Rxc8 24. Rxd2 Rxc4 $17)) 19... Kf8 20. Rxd2 Kxe7 (
20... exd4 $2 21. Nxc8 Bh6 22. Nxa7 Bxd2 23. Rb1 $14) 21. Re1 $1 (21. Bxb7 $2
Bh6 $1 22. Be3 Bxe3 23. Rxd8 Bxf2+ 24. Kxf2 Rxd8 $17) 21... e4 $1 (21... Nd7 $6
22. Bxb7 Rxc4 23. Bxa7 {+/=/=}) 22. Bxe4 Nxe4 23. Rxe4+ Kf8 {=/=/+}) 17. Ne4 $6
(17. Bxb7 $142 $5 Nxc4 18. Qe1 Rc7 19. Bf3 Nxe3 20. fxe3 Rdc8 $15) (17. Nd5 $2
Qxd2 (17... Nxf3+ $2 18. gxf3 Qxd2 (18... Qa3 $5) 19. Nxf6+ Bxf6 20. Rxd2 {
=/+/=_|_}) 18. Nxf6+ $8 (18. Rxd2 $4 Nxf3+ 19. gxf3 Nxd5 $19 {[%csl Rc1]}) (18.
Nxe7+ $4 Kf8 19. dxe5 (19. Rxd2 $2 Nxf3+ 20. gxf3 Kxe7 $19) 19... Qxd1+ 20.
Rxd1 Rxd1+ 21. Bxd1 Kxe7 22. exf6+ Bxf6 $19) 18... Bxf6 19. Rxd2 Rxc4 20. Rxc4
Nxc4 21. Rc2 b5 $17) 17... Nxf3+ (17... Nxc4 $4 18. Rxc4 Qxd2 19. Nxd2 $18 {
[%cal Yd2c4]}) 18. gxf3 Qf5 $5 ({Slightly worse is:} 18... Qh5 19. Nxf6+ Bxf6
20. Kg2 (20. Qe2 $2 Bxd4 $1 $19 {[%csl Rc1,Rg1,Gh5][%cal Gh5g5]}) 20... Bxd4 $1
(20... e5 $2 21. d5 e4 22. Qe2 Be5 23. h3 $11) 21. Bxd4 e5 22. Qe3 exd4 23.
Rxd4 Rxd4 24. Qxd4 b5 $1 $17 (24... Qg5+ $143 25. Qg4 $15)) 19. Nxf6+ Bxf6 20.
Kg2 (20. Qe2 $2 {is refuted by:} Bxd4 $1 21. Bxd4 Qg5+ $1 22. Kh1 Rxd4 $19 {
[%csl Rc1]}) 20... Bxd4 $1 (20... e5 $2 21. d5 e4 22. Qe2 $13 (22. fxe4 $6 Qg4+
(22... Qxe4+ $2 23. f3 $14) 23. Kf1 Qxe4 $36)) 21. Bxd4 e5 22. Qe3 exd4 23.
Rxd4 Rxd4 24. Qxd4 b5 $3 {[%csl Rc4][%cal Gf5c5]} ({After:} 24... Qg5+ {
[%csl Rc1]} 25. Qg4 {[%csl Rc8]} Qxg4+ 26. fxg4 Rc5 27. Kf3 {[%cal Gf3e4,Ge4d4]
} h5 28. h3 hxg4+ 29. hxg4 {I have a slight advantage in the endgame.}) 25. Re1
(25. c5 $2 Qg5+ 26. Qg4 Rxc5 27. Qxg5 (27. Rxc5 Qxc5 $19) 27... Rxg5+ 28. Kf1
a5 $19 {/\b4,Rf5}) 25... Qg5+ $1 (25... bxc4 $143 26. Re5 {[%csl Rf5]} Qb1 {
=/+/-/+}) 26. Kf1 bxc4 27. Qxa7 c3 $17 {[%csl Gc3][%cal Gc3c2]} 28. Qd7 Qc5 29.
Qd3 (29. Re8+ $143 Rxe8 30. Qxe8+ Kg7 31. Qe1 c2 32. Qc1 Qc4+ 33. Ke1 Qxa2 34.
Kd2 Qa7 $5 $19) ({Can be recommended:} 29. a4 $5 c2 30. Rc1 $17) 29... c2 30.
Rc1 Qb4 {[%csl Ra2,Rc1][%cal Gb4b2]} 31. Qb3 ({Loses right away:} 31. Ke2 {
because of:} Re8+ 32. Kf1 Qf4 $3 {[%csl Rf1]} 33. Rxc2 Qxh2 $19 {[%csl Rf1]
[%cal Gh2h1]}) 31... Qd4 32. Kg2 Qd2 33. Qe3 Qd1 34. h4 ({Slightly better is:} 
34. a4 $5 Ra8 $17) 34... h5 35. Qf4 $2 (35. a4 $142) 35... Re8 {[%cal Ge8e1]}
36. Qa4 ({Also loses:} 36. a4 {in view of:} Kg7 $1 $19 {[%csl Rc1,Yd4,Ye5,Yf6]
[%cal Ge8e1]} (36... Re1 $4 37. Qb8+ Kg7 (37... Kh7 38. Qc7 $11 {[%cal Gc7f7]})
38. Qb2+ Kh7 39. Qb3 {[%cal Gb3f7]} (39. Qf6 $4 Rg1+ 40. Kh2 Rh1+ 41. Kg2 Kg8
$1 $19) (39. Qb7 $5) 39... Kg8 40. Qb8+ $11)) 36... Re1 $1 $19 {[%cal Gd1c1]} (
36... Qxc1 $2 37. Qxe8+ Kg7 38. Qe5+ Kh7 39. Qc7 $1 $11) 37. Rxc2 Rg1+ 38. Kh2
Rh1+ (38... Qf1 $143 39. Qe8+ Kg7 40. Qe5+ Kh7 41. Qg5 $8 (41. Qg3 $2 Rh1#)
41... Rh1+ $1 (41... Rxg5 $5 $19) 42. Kg3 Rh3+ 43. Kf4 Qd3 $1 {[%csl Rf3][%cal
Gd3c2,Gh3f3,Gd3d4]} 44. Qg2 (44. Ke5 Qxc2 $19) 44... Qd4+ 45. Kg5 Qe5#) ({
Safely:} 38... Rh1+ 39. Kg3 Qg1+ 40. Kf4 Rxh4+ {[%csl Ra4]}) 0-1

[Event "Cappelle op 12th"]
[Site "Cappelle la Grande"]
[Date "1996.??.??"]
[Round "?"]
[White "Gurevich, Mikhail"]
[Black "Sapis, Witalis"]
[Result "1-0"]
[WhiteElo "2590"]
[BlackElo "2470"]
[Annotator "Gurevich,M"]
[PlyCount "137"]
[EventDate "1996.02.??"]
[EventType "swiss"]
[EventRounds "9"]
[EventCountry "FRA"]
[SourceTitle "CBM 051"]
[Source "ChessBase"]
[SourceDate "1996.04.01"]
[SourceVersion "1"]
[SourceVersionDate "1996.04.01"]
[SourceQuality "1"]

1. d4 d5 2. c4 c6 3. e3 Nf6 4. Nc3 g6 5. Nf3 Bg7 6. Bd3 O-O 7. O-O Bf5 8. Bxf5
gxf5 9. b3 Ne4 10. Bb2 e6 11. Ne2 Kh8 {TN} (11... Nd7 12. Rc1 Re8 13. Nf4 Bf8
14. Ne1 f6 15. cxd5 cxd5 16. Ned3 $14 {Najdorf,M-Sanguinetti,R Mar del Plata
1957}) 12. Nf4 Bf6 13. Qe2 Nd7 14. Rac1 Be7 {[/\15...Bd6<=>>>]} 15. Rfd1 Bd6
16. Ne5 $5 $14 Qe7 (16... Nxe5 $6 17. dxe5 Be7 18. cxd5 cxd5 19. Qh5 $40 {
(/\20.f3,21.Nxd5)}) 17. Qh5 {[/\18.Ng6+]} Nef6 $5 18. Qh4 (18. Neg6+ $2 fxg6
19. Nxg6+ Kg7 $19) 18... Qe8 $1 (18... Rg8 19. c5 $1 Bxe5 (19... Bc7 20. Nxd7
$18) 20. dxe5 $18) 19. f3 Rg8 20. Rc2 $5 {[/\21.Rdc1,22.cxd5-><<]} Rg7 21. Kh1
Be7 22. Qh3 $6 (22. Qe1 $5 {[/\23.cxd5,24.Qa5-><<]}) 22... Rd8 23. Rdc1 Bd6 24.
cxd5 Nxd5 25. Nxd5 (25. Nh5 Rg5 26. e4 f6 $132) 25... cxd5 26. Qh4 $5 {[/\27.
Qxd8,/\Qh4-e1a5]} Nf8 $1 27. e4 $6 (27. Qe1 $142 $14) 27... Be7 $1 {[/\28...
Bg5]} 28. Qe1 Bg5 29. Rd1 f6 $1 30. Nd3 fxe4 31. fxe4 dxe4 32. Qxe4 Qg6 $13 33.
Nc5 $1 (33. Qe2 e5 $132 {(/\34...Rgd7)}) 33... b6 34. Qxg6 hxg6 35. Ne4 Nh7 36.
d5 $5 e5 $8 (36... exd5 37. Nxg5 Nxg5 38. Bxf6 $18) 37. Rc6 (37. Rf2 $142 $14)
37... Rgd7 $2 $138 (37... Rf7 $1 $13 {(/\38...Kg7)}) 38. Nxg5 Nxg5 39. Rxf6
Rxd5 40. Rxd5 Rxd5 41. h4 (41. Rd6 $5 Rxd6 (41... Rc5 42. Rxg6 $16) 42. Bxe5+
Kg8 43. Bxd6 Kf7 44. Kg1 Ke6 45. Bb8 a6 46. Kf2 $16) 41... Ne4 42. Rxg6 Kh7 43.
h5 $1 (43. Rc6 Nf2+ 44. Kh2 Rd3 $1 $132 {(/\45...Ng4+)}) 43... Nf2+ 44. Kh2 Nd3
45. Bc3 Rc5 46. Bd2 Rc2 47. Bg5 Rxa2 {(/\48...Nf4)} (47... Nf4 48. Bxf4 exf4
49. Rf6 Rxa2 50. Rxf4 Rb2 51. Kh3 $1 (51. b4 Kh6 $10) 51... Rxb3+ 52. Kh4 a5
53. g4 b5 54. Rf7+ Kg8 55. Ra7 $18) 48. Rh6+ Kg8 49. Rf6 $5 (49. Kh3 Nf4+ 50.
Bxf4 exf4 51. Rf6 Rf2 $10) 49... Rf2 (49... Ne1 50. Rg6+ Kh7 51. Bf6 $16) 50.
Rg6+ Kh7 51. Kg3 $1 $16 {[/\Rg6-d6-d7]} Rb2 52. Rd6 $2 (52. Rc6 $1 Rxb3 53.
Rc7+ Kg8 54. Kg4 $18) 52... Nc5 $1 53. Kh3 $1 $14 Rxb3+ 54. Kh4 $1 (54. g3 $2
Rxg3+ 55. Kxg3 Ne4+ $17) 54... Rb2 (54... Rd3 55. Rc6 Rd7 56. g4 $36) 55. g3 {
[/\Rd6-c6-c7]} Rh2+ 56. Kg4 Ne4 57. Rd7+ Kg8 58. h6 {[/\59.Bh4]} (58. Bh4 $5
$16) 58... Rxh6 $5 59. Rd8+ Kh7 60. Bxh6 Kxh6 61. Ra8 Kg6 62. Rxa7 Nf6+ 63. Kh4
$1 {[/\64.Rg7,g3-g4-g5...]} (63. Kf3 Kf5 64. Rb7 e4+ 65. Ke3 Ke5 $10) 63... Kf5
64. Rg7 Nd5 (64... e4 65. g4+ Nxg4 (65... Kf4 66. Rf7 Ke5 67. g5 $18) 66. Rxg4
e3 67. Rg8 (67. Kg3 $2 e2 68. Rf4+ Ke5 $19) 67... Ke4 68. Kg3 Kd3 69. Kf3 $18)
65. g4+ Ke4 66. g5 Nf4 67. Kg4 $1 $18 Kd5 68. Kf5 b5 69. Re7 1-0